Protección de los trabajadores pobres : (Registro nro. 11791)

Detalles MARC
000 -LEADER
fixed length control field 00840nam a2200229Ia 4500
003 - CONTROL NUMBER IDENTIFIER
control field OSt
005 - DATE AND TIME OF LATEST TRANSACTION
control field 20210525172022.0
008 - FIXED-LENGTH DATA ELEMENTS--GENERAL INFORMATION
fixed length control field 210310s2010 s ado gr 000 0 spa d
020 ## - INTERNATIONAL STANDARD BOOK NUMBER
International Standard Book Number 9789223230500
040 ## - CATALOGING SOURCE
Original cataloging agency CO-JMCR
Transcribing agency CO-JMCR
041 0# - LANGUAGE CODE
Language code of text/sound track or separate title spa
082 04 - DEWEY DECIMAL CLASSIFICATION NUMBER
Classification number 331.11 /
Item number O231p
Edition number 23
110 2# - MAIN ENTRY--CORPORATE NAME
Corporate name or jurisdiction name as entry element Oficina Internacional del Trabajo
9 (RLIN) 4401
245 10 - TITLE STATEMENT
Title Protección de los trabajadores pobres :
Remainder of title Informe anual 2009 /
Statement of responsibility, etc. Oficina Internacional del Trabajo
250 ## - EDITION STATEMENT
Edition statement Primera edición
260 ## - PUBLICATION, DISTRIBUTION, ETC.
Place of publication, distribution, etc. Ginebra :
Name of publisher, distributor, etc. Organización Internacional del Trabajo,
Date of publication, distribution, etc. 2010.
300 ## - PHYSICAL DESCRIPTION
Extent 56 páginas :
Other physical details ilustraciones, gráficas y fotografías a color ;
Dimensions 24 cm.
505 0# - FORMATTED CONTENTS NOTE
Formatted contents note El fondo de la innovación en microseguros.
650 14 - SUBJECT ADDED ENTRY--TOPICAL TERM
Topical term or geographic name entry element Innovación en microseguros
9 (RLIN) 37882
650 24 - SUBJECT ADDED ENTRY--TOPICAL TERM
Topical term or geographic name entry element Protección de los trabajadores
9 (RLIN) 37883
942 ## - ADDED ENTRY ELEMENTS (KOHA)
Source of classification or shelving scheme Dewey Decimal Classification
Koha item type Books
Existencias
Withdrawn status Lost status Source of classification or shelving scheme Damaged status Not for loan Home library Current library Shelving location Date acquired Source of acquisition Full call number Barcode Date last seen Copy number Price effective from Koha item type
    Dewey Decimal Classification     Biblioteca Pública José María del Castillo y Rada Biblioteca Pública José María del Castillo y Rada General Stacks 04/15/2018 Donación 331.11 / O231p 430002753 05/16/2024 Ej.1 03/10/2021 Books